[Event "RUS-ch Women Rapid 2019"]
[Site "Sochi"]
[Date "2019.10.16"]
[Round "8.6"]
[White "Vasilevich, Tatjana"]
[Black "Sukhareva, Evgeniya"]
[Result "0-1"]
[WhiteElo "2265"]
[BlackElo "2122"]
[Annotator "TA"]
[PlyCount "117"]
[EventDate "2019.10.15"]
[EventType "swiss"]
[EventCountry "RUS"]
[SourceTitle "playchess.com"]
[Source "ChessBase"]
[SourceQuality "1"]

{[%evp 10,117,3,0,0,0,0,0,-10,-12,24,24,37,31,118,90,118,120,113,74,57,77,70,57,51,45,66,66,74,70,66,51,51,51,58,74,91,70,89,90,95,89,95,88,140,0,91,93,96,79,83,94,176,90,115,144,434,426,435,406,385,393,426,420,437,510,402,132,132,87,87,100,99,88,884,148,234,18,36,0,0,0,1122,-391,-381,-372,0,0,0,0,0,-5,0,-525,0,-20,327,26,26,26,26,27,52,0,0,0,0,0,0,-32]} 1. d4 Nf6 2. Nf3 e6 3. e3 b6 4. Bd3 Bb7 5. Nbd2 c5 6. b3 cxd4 {A47: 1 d4 Nf6 2 Nf3 b6: Torre, London and Colle Systems} 7. exd4 Nd5 {Hoping for ...Nc3.} 8. O-O (8. Bb2 Bb4 9. c4 Nf4 10. Bf1 Qf6 11. a3 Bxd2+ 12. Qxd2 Nxg2+ 13. Bxg2 Bxf3 14. d5 {½-½ (23) Bareev,E (2666)-Zavarce,O (2346) Batumi 2018}) 8... Nf4 9. Bc4 a6 10. Re1 Bb4 $146 ({Predecessor:} 10... d5 11. Bf1 Bb4 12. Bb2 O-O 13. a3 Be7 14. g3 {0-1 (42) Khalili,A (1716)-Kalantari,S (1892) Qazvin 2015}) 11. Bf1 $36 {[%mdl 2048] White fights for an advantage.} h5 (11... O-O $14) 12. g3 Nd5 {And now ...Nc3 would win.} 13. c4 Nf6 14. Bg2 d5 15. Bb2 Nbd7 16. a3 Be7 17. Ne5 O-O 18. Qe2 Rb8 19. cxd5 Nxd5 20. Qxh5 Nxe5 21. Qxe5 Bf6 22. Qe2 g6 23. Nc4 Rc8 24. Rac1 Bg5 25. Rc2 Bh6 26. Ne5 Qd6 (26... Rxc2 $142 27. Qxc2 Bg7) 27. Nc4 Qd8 $1 28. h4 b5 29. Ne5 {[%cal Bc4e5,Be5c6,Bc6e7][%mdl 32]} Rxc2 30. Qxc2 Qe7 (30... Bg7 $16) 31. Qc5 (31. Nc6 $1 $18 {[%cal Rc6e7]} Qd7 32. Bxd5 exd5 33. Ne7+ Kg7 34. Bc1) 31... Qd8 32. Nc6 Qf6 $2 {[%mdl 8192]} (32... Qd7 $16 {is a better defense.}) 33. Bxd5 $18 exd5 34. Ne7+ Kg7 35. Qc7 Ba8 36. Kg2 Bd2 37. Re5 Rh8 38. Qc2 $2 (38. Bc1 $18 Bxc1 39. Qxc1) 38... Bf4 $16 39. gxf4 Qxh4 {( -> ...Qh3+)} 40. Kf3 $1 Qh1+ 41. Ke2 Qg1 $2 {[%mdl 8192]} (41... Rh3 $16) 42. Qd3 $2 (42. Rg5 $18 {is the precise move to win.} Qh1 43. Nxg6 $1 {[%mdl 512]}) 42... Rh2 (42... Rh1 $16 {was worth a try.}) 43. Qf3 $2 ({Only move:} 43. Qe3 $1 $18) 43... Qb1 {...Rh1 is the strong threat.} 44. Bc3 {Black must now prevent Qg3.} (44. Nf5+ $5 Kh7 45. Bc3 gxf5 46. Be1 $14) 44... Rh1 $1 {Threatens to win with ...Qc2+.} 45. Nf5+ ({Avoid the trap} 45. Nxd5 $2 Qc2+ 46. Bd2 Rb1 $19) 45... Kf6 $2 {[%mdl 8192]} (45... gxf5 $11 46. Qg2+ Kh7) 46. Bd2 $4 {[%mdl 8192]} (46. Ne3 $18 {was the only winning move.}) 46... gxf5 $19 47. Qg2 {[%csl Gd2,Gf4][%cal Rg2g5]} Qd1+ $2 (47... Rg1 $19 48. Qf3 Kg7) 48. Kd3 {[%csl Gd2,Gf4][%cal Rg2g5]} Qxb3+ (48... Rg1 $5 49. Qh2 $8 Kg7 $11) 49. Ke2 {[%csl Gd2,Gf4][%cal Rg2g5]} Qd1+ 50. Kd3 {[%csl Gd2,Gf4][%cal Rg2g5]} Qb1+ 51. Ke2 $2 {[%mdl 8192] [#]} (51. Ke3 $11 Rg1 52. Qh2 Qb3+ 53. Ke2 Qd1+ 54. Ke3) 51... Qd1+ $2 (51... Rg1 $1 $19 {[%cal Rg1g2]} 52. Qf3 Kg7) 52. Kd3 $11 {[%csl Gd2,Gf4][%cal Rg2g5]} Qh5 $2 {[%mdl 8192] [#]} (52... Rg1 $11 {and Black is okay.} 53. Qh2 Qf1+ 54. Kc2 (54. Ke3 $2 Rh1 $19) 54... Qb1+ 55. Kc3 Qa1+ 56. Kd3 Qf1+ 57. Kc2 (57. Ke3 $2 Rh1 $19) 57... Rh1) 53. Qg5+ $2 (53. Re3 $1 $18) 53... Qxg5 54. fxg5+ {KRB-KRB} Kg6 55. Re8 {Strongly threatening Rg8+.} Bc6 56. Rc8 (56. Rd8 $14 Rh3+ 57. Ke2) 56... Bd7 {The position is equal.} 57. Rg8+ Kh7 58. Rd8 Be6 59. Ke2 {Accuracy: White = 48%, Black = 37%.} 0-1

[Event "RUS-ch Women Rapid 2019"]
[Site "Sochi"]
[Date "2019.10.16"]
[Round "8.7"]
[White "Chernyak, Viktoria"]
[Black "Illina, Natalia"]
[Result "1-0"]
[WhiteElo "2284"]
[BlackElo "2081"]
[Annotator "NA"]
[PlyCount "53"]
[EventDate "2019.10.15"]
[EventType "swiss"]
[EventCountry "RUS"]
[SourceTitle "playchess.com"]
[Source "ChessBase"]
[SourceQuality "1"]
[TimeControl "900+10"]

1. Nf3 {[%emt 0:00:00]} c5 {[%emt 0:00:00]} 2. c4 {[%emt 0:00:00]} Nc6 {[%emt 0:00:00]} 3. Nc3 {[%emt 0:00:14]} g6 {[%emt 0:00:00]} 4. e3 {[%emt 0:00:04]} Bg7 {[%emt 0:00:02]} 5. d4 {[%emt 0:00:02]} d6 {[%emt 0:00:34]} 6. d5 {[%emt 0:00:32]} Ne5 {[%emt 0:01:16]} 7. Nxe5 {[%emt 0:00:23]} Bxe5 {[%emt 0:00:02]} 8. Bd3 {[%emt 0:00:09]} Bxc3+ {[%emt 0:00:04]} 9. bxc3 {[%emt 0:00:02]} f5 {[%emt 0:00:04]} 10. e4 {[%emt 0:00:56]} Nf6 {[%emt 0:04:22]} 11. exf5 {[%emt 0:00:02]} gxf5 {[%emt 0:00:01]} 12. Qf3 {[%emt 0:01:34]} Qa5 {[%emt 0:02:30]} 13. Bd2 {[%emt 0:00:57]} Qa4 {[%emt 0:00:51]} 14. O-O {[%emt 0:01:01]} Bd7 {[%emt 0:00:02]} 15. Rfe1 {[%emt 0:00:02]} O-O-O {[%emt 0:01:13]} 16. Rxe7 {[%emt 0:00:06]} Rde8 {[%emt 0:00:18]} 17. Rf7 {[%emt 0:01:21]} Ne4 {[%emt 0:00:10]} 18. Bh6 {[%emt 0:00:53]} Rhg8 {[%emt 0:02:39]} 19. Rxf5 {[%emt 0:00:41]} Nxc3 {[%emt 0:00:23]} 20. Rf7 {[%emt 0:00:28]} Kb8 {[%emt 0:01:26]} 21. h3 {[%emt 0:00:37]} Bc8 {[%emt 0:01:07]} 22. Bf4 {[%emt 0:01:07]} Rd8 {[%emt 0:00:42]} 23. Bxh7 {[%emt 0:00:14]} Qxc4 {[%emt 0:00:39]} 24. Bxg8 {[%emt 0:00:06]} Rxg8 {[%emt 0:00:09]} 25. Bxd6+ {[%emt 0:00:09]} Ka8 {[%emt 0:00:00]} 26. Rf8 {[%emt 0:00:41]} Ne2+ 27. Kh2 {[%emt 0:00:56]} 1-0

[Event "RUS-ch Women Rapid 2019"]
[Site "Sochi"]
[Date "2019.10.16"]
[Round "8.8"]
[White "Garifullina, Leya"]
[Black "Bivol, Alina"]
[Result "0-1"]
[WhiteElo "2330"]
[BlackElo "2283"]
[Annotator "NA"]
[PlyCount "138"]
[EventDate "2019.10.15"]
[EventType "swiss"]
[EventCountry "RUS"]
[SourceTitle "playchess.com"]
[Source "ChessBase"]
[SourceQuality "1"]
[TimeControl "900+10"]

1. e4 {[%emt 0:00:00]} e6 {[%emt 0:00:00]} 2. d4 {[%emt 0:00:00]} d5 {[%emt 0:00:00]} 3. Nc3 {[%emt 0:00:00]} Bb4 {[%emt 0:00:00]} 4. e5 {[%emt 0:00:00]} c5 5. a3 Bxc3+ {[%emt 0:00:00]} 6. bxc3 {[%emt 0:00:00]} Qa5 {[%emt 0:00:00]} 7. Bd2 {[%emt 0:00:00]} c4 {[%emt 0:00:00]} 8. Ne2 {[%emt 0:00:06]} Nc6 {[%emt 0:00:01]} 9. Nf4 {[%emt 0:00:02]} Nge7 {[%emt 0:00:12]} 10. g3 {[%emt 0:00:09]} Bd7 {[%emt 0:00:01]} 11. Bh3 {[%emt 0:00:02]} O-O-O {[%emt 0:00:04]} 12. O-O {[%emt 0:00:16]} g6 {[%emt 0:00:17]} 13. Ng2 {[%emt 0:00:08]} Rdg8 {[%emt 0:00:17]} 14. Ne1 {[%emt 0:00:52]} g5 {[%emt 0:00:58]} 15. Bg4 {[%emt 0:00:09]} Qd8 {[%emt 0:00:52]} 16. Bh5 {[%emt 0:00:09]} Qf8 {[%emt 0:00:02]} 17. Qf3 {[%emt 0:00:10]} Nf5 {[%emt 0:00:06]} 18. h3 {[%emt 0:00:15]} Be8 {[%emt 0:00:42]} 19. Ng2 {[%emt 0:00:04]} Ng7 {[%emt 0:00:25]} 20. a4 {[%emt 0:01:35]} Nxh5 {[%emt 0:00:18]} 21. Qxh5 {[%emt 0:00:02]} f5 {[%emt 0:00:01]} 22. Qf3 {[%emt 0:00:06]} h5 {[%emt 0:01:11]} 23. h4 {[%emt 0:00:14]} gxh4 {[%emt 0:00:15]} 24. Nxh4 {[%emt 0:00:02]} Rg4 {[%emt 0:00:01]} 25. Kg2 {[%emt 0:00:13]} Rhg8 {[%emt 0:00:21]} 26. Rh1 {[%emt 0:00:01]} f4 {[%emt 0:00:01]} 27. Bxf4 {[%emt 0:00:12]} Qxf4 {[%emt 0:01:09]} 28. Qxf4 {[%emt 0:00:17]} Rxf4 {[%emt 0:00:01]} 29. Raf1 {[%emt 0:00:40]} Re4 {[%emt 0:00:14]} 30. Re1 {[%emt 0:00:11]} Rxe1 {[%emt 0:00:06]} 31. Rxe1 {[%emt 0:00:02]} Ne7 {[%emt 0:00:01]} 32. a5 {[%emt 0:00:03]} Ng6 {[%emt 0:00:18]} 33. Nf3 {[%emt 0:00:18]} Ne7 {[%emt 0:00:23]} 34. Nh4 {[%emt 0:00:04]} Kc7 {[%emt 0:00:04]} 35. Re3 {[%emt 0:00:06]} Ng6 {[%emt 0:00:29]} 36. Nf3 {[%emt 0:00:06]} Ne7 {[%emt 0:00:44]} 37. Nh4 {[%emt 0:00:03]} Bg6 {[%emt 0:00:06]} 38. Nxg6 {[%emt 0:00:03]} Rxg6 {[%emt 0:00:02]} 39. Kh3 {[%emt 0:00:13]} Nf5 {[%emt 0:00:05]} 40. Re1 {[%emt 0:00:01]} Kc6 {[%emt 0:00:41]} 41. Rb1 {[%emt 0:00:11]} Rg7 {[%emt 0:00:13]} 42. Rb2 {[%emt 0:00:09]} Rf7 {[%emt 0:00:04]} 43. Rb1 {[%emt 0:00:37]} Nh6 {[%emt 0:00:34]} 44. Kg2 {[%emt 0:00:08]} Ng4 {[%emt 0:00:05]} 45. f3 {[%emt 0:00:02]} Ne3+ {[%emt 0:00:28]} 46. Kf2 {[%emt 0:00:01]} Nf5 {[%emt 0:00:01]} 47. Rh1 {[%emt 0:00:07]} Rg7 {[%emt 0:00:41]} 48. Rxh5 {[%emt 0:00:33]} Nxg3 {[%emt 0:00:05]} 49. Rh6 {[%emt 0:00:03]} Kd7 {[%emt 0:00:01]} 50. Rh8 {[%emt 0:00:03]} Nf5 {[%emt 0:00:19]} 51. Ra8 {[%emt 0:00:33]} a6 {[%emt 0:00:12]} 52. Rb8 {[%emt 0:00:03]} Kc7 {[%emt 0:00:09]} 53. Re8 {[%emt 0:00:02]} Re7 {[%emt 0:00:01]} 54. Ra8 {[%emt 0:00:04]} Ng7 {[%emt 0:00:40]} 55. Ke3 {[%emt 0:00:05]} Re8 {[%emt 0:00:01]} 56. Rxe8 {[%emt 0:00:04]} Nxe8 {[%emt 0:00:00]} 57. Kf4 {[%emt 0:00:03]} b6 {[%emt 0:00:07]} 58. axb6+ {[%emt 0:00:01]} Kxb6 {[%emt 0:00:01]} 59. Kg5 {[%emt 0:00:02]} a5 {[%emt 0:00:07]} 60. f4 {[%emt 0:00:00]} a4 {[%emt 0:00:05]} 61. f5 {[%emt 0:00:01]} exf5 {[%emt 0:00:01]} 62. Kxf5 {[%emt 0:00:02]} a3 {[%emt 0:00:02]} 63. Ke6 {[%emt 0:00:03]} Nc7+ {[%emt 0:00:02]} 64. Kd6 {[%emt 0:00:01]} a2 {[%emt 0:00:02]} 65. e6 {[%emt 0:00:02]} a1=Q {[%emt 0:00:05]} 66. e7 {[%emt 0:00:03]} Qa3+ {[%emt 0:00:12]} 67. Kd7 {[%emt 0:00:06]} Qa4+ {[%emt 0:00:02]} 68. Kd6 {[%emt 0:00:02]} Qc6+ {[%emt 0:00:18]} 69. Ke5 {[%emt 0:00:02]} Qe6+ {[%emt 0:00:01] Ke4} 0-1

[Event "RUS-ch Women Rapid 2019"]
[Site "Sochi"]
[Date "2019.10.16"]
[Round "8.9"]
[White "Dumcheva, Julia"]
[Black "Gritsayeva, Oksana"]
[Result "1/2-1/2"]
[WhiteElo "2168"]
[BlackElo "2260"]
[Annotator "TA"]
[PlyCount "154"]
[EventDate "2019.10.15"]
[EventType "swiss"]
[EventCountry "RUS"]
[SourceTitle "playchess.com"]
[Source "ChessBase"]
[SourceQuality "1"]

{[%evp 19,154,33,29,18,19,0,0,0,6,-8,-3,-4,69,61,81,-12,98,94,0,0,14,0,0,0,0,0,46,-80,-16,-51,-74,-183,-167,-162,-92,-100,0,0,184,187,187,179,247,243,247,237,226,214,222,167,370,154,170,144,179,147,213,207,298,287,337,294,462,400,545,368,490,105,79,39,148,152,348,204,233,44,277,321,325,323,297,235,224,217,199,201,266,250,212,109,125,16,89,65,172,164,138,26,23,8,8,8,28,0,0,0,0,0,0,0,0,0,0,0,0,0,0,0,0,0,0,0,0,0,0,0,0,-8,-8,-30,-8,-8,-8,-8,-8,-8,0]} 1. Nf3 c5 2. c4 Nf6 3. g3 b6 4. Bg2 Bb7 5. O-O e6 6. d4 cxd4 7. Qxd4 d6 8. Bg5 Nbd7 9. Nc3 a6 10. Rfd1 Be7 11. b3 {A30: Symmetrical English: Double Fianchetto and Hedgehog} (11. Qd2 O-O 12. Bf4 Ne8 13. Rac1 h6 14. b3 Qc7 15. Ne1 Rd8 16. Nd3 Nef6 17. e4 Qb8 18. Qe2 Qa8 19. Re1 Rc8 20. Bd2 Rfd8 21. Rcd1 Bf8 22. Na4 Bc6 23. Nc3 Bb7 24. Na4 Bc6 {½-½ (24) Tomashevsky,E (2716)-Ivanchuk,V (2747) Doha 2016}) 11... O-O 12. Bh3 $146 ({Predecessor:} 12. Qd2 Qc8 13. Rac1 Rd8 14. Bf4 Nc5 15. Qc2 h6 16. b4 Nce4 17. Na4 Qc7 18. Be3 Nd7 {½-½ (48) Nanu,C (2526)-Sergeev,V (2507) Predeal 2007}) 12... Qc7 13. Rac1 Rac8 14. Na4 Nc5 15. Bxf6 gxf6 (15... Bxf6 $11 16. Qxd6 Nxa4 17. bxa4 Qc6) 16. Nc3 $14 f5 {[#]} 17. b4 (17. Nd5 $1 $16 {[%mdl 512]} exd5 18. Bxf5) 17... Nd7 (17... Ne4 $1 $11 18. Nxe4 fxe4) 18. Nd5 $1 $16 {[%cal Rd5e7]} exd5 19. Bxf5 Rfd8 {[%cal Rd5c4]} 20. Qg4+ Kh8 {[%cal Rd5c4]} 21. Qh5 {[%csl Gf5][%cal Rh5h7]} Nf6 22. Qh6 $40 {[%mdl 128] White is up to no good.} Rg8 23. Rd4 (23. cxd5 $14 {stays ahead.} Qd8 24. Bxc8 Bxc8 25. Qe3) 23... Rg6 (23... dxc4 $17 {White must now prevent ...b5.} 24. Bxc8 Qxc8 25. Rdxc4 Qf5) 24. Bxg6 fxg6 25. Ng5 (25. Nh4 $17 Rg8 26. cxd5) 25... Bf8 $19 26. Qh4 Bg7 (26... Qe7 $19 27. Rf4 h6 28. Nf7+ Qxf7 29. Rxf6 Qe7 30. Rxg6 Qxh4 31. gxh4 dxc4) 27. Qf4 Qe7 (27... Nh5 $17 28. Nf7+ Kg8 29. Nh6+ Kh8 30. Nf7+ Kg8 31. Nh6+ Bxh6 32. Qxh6 Ng7) 28. Qxd6 $1 $11 {[%mdl 64] Deflection, Decoy} Qxd6 $2 (28... Qxe2 $11 {and Black has nothing to worry.} 29. Qxb6 Rf8 30. Qxb7 Ne4 31. Nf7+ (31. Nxe4 $2 dxe4 32. Qxe4 Qxf2+ {[%mdl 64] Double Attack} 33. Kh1 Bxd4 $19) (31. Rxd5 $2 Qxf2+ 32. Kh1 Nxg5 $19) 31... Kg8) 29. Nf7+ $18 {[%mdl 64] Double Attack} Kg8 30. Nxd6 Ne8 (30... Ne4 {is a better defense.} 31. Rxe4 (31. Nxc8 Bxd4 32. e3 Bxe3 $14) 31... dxe4) 31. Nxc8 Bxd4 32. Ne7+ Kf7 33. Nxd5 b5 34. Nf4 {Rd1 is the strong threat.} bxc4 $2 (34... Bc6 35. c5 Be5) 35. Rxc4 (35. Rd1 $18) 35... Bb6 $16 36. a4 {[%cal Ba2a4,Ba4a5][%mdl 32]} Nd6 37. Rc2 g5 (37... a5 $16) 38. Nd3 Be4 (38... a5 {was necessary.} 39. bxa5 Bxa5) 39. a5 $18 Bd8 40. f3 Bd5 (40... Bxd3 $142 41. exd3 Nb5) 41. Nc5 Bc4 42. e4 {Hoping for e5.} Bf6 {[#]} 43. Kg2 $2 (43. Nb7 $1 $18 {[%mdl 512]} Nxb7 44. Rxc4) 43... Bb5 $16 44. f4 {Strongly threatening Nxa6!} gxf4 (44... Nc4 $1 $14 45. Rc1 Bb2) 45. gxf4 Bd4 $2 (45... Nc4 $16 46. Kf3 Be7) 46. Kf3 (46. Nb3 $142 Bf6 47. Rc7+ Be7 48. Nd4) 46... Nc4 47. Rg2 $2 (47. Nb3 $18 Bb2 48. e5 Bc6+ 49. Kg3) 47... Bxc5 $2 ({Better is} 47... Bc3 $14) 48. bxc5 $18 Nxa5 49. f5 Nb3 50. Kf4 Nxc5 51. Rc2 Nd3+ {[#]} 52. Ke3 $1 {[%mdl 1024] White has strong compensation.} Kf6 53. Rc7 h5 54. Kd4 ({White should play} 54. Rh7 $18) 54... Ne5 $16 55. h3 (55. Rh7 $16) 55... h4 (55... Bc6 $11 {remains equal.}) 56. Rh7 a5 (56... Bd7 $1 $14) 57. Rh6+ $18 Kg5 {[#]} 58. Rb6 (58. Re6 $1 $16 Nf7 59. Rg6+ Kf4 60. Rg4+ {[%mdl 64] Double Attack} Kf3 61. e5 (61. Rxh4 a4 $16)) 58... Nc6+ $11 59. Ke3 Ba4 60. Ra6 Ne5 61. f6 (61. Re6 $5 {[%cal Re6e5]} Nc4+ 62. Kd4 $16) 61... Bd7 62. Rxa5 {Intending f7 and mate.} (62. Kd4 {keeps more tension.} Nf7 63. e5 Kf5 64. Rxa5 Kg6 65. Ra1) 62... Kxf6 63. Ra6+ Kg5 64. Ra5 Kf6 {aiming for ...Nc4+.} 65. Ra6+ Be6 66. Kf4 Ng6+ 67. Kf3 Kf7 68. Ra7+ Kf6 69. Ra6 Ne5+ 70. Kf4 Ng6+ 71. Kf3 Ke5 72. Ra5+ Kd6 73. Rh5 Ke7 74. e5 Bxh3 {[#]} 75. Rxh4 $1 {[%mdl 576] Remove Defender, Decoy. The position is equal.} Nxh4+ 76. Kg3 {[%mdl 64] Double Attack} Ke6 77. Kxh4 Kxe5 {Accuracy: White = 42%, Black = 25%.} 1/2-1/2

[Event "RUS-ch Women Rapid 2019"]
[Site "Sochi"]
[Date "2019.10.16"]
[Round "8.10"]
[White "Karavaeva, Olga"]
[Black "Fominykh, Maria"]
[Result "0-1"]
[WhiteElo "2260"]
[BlackElo "2206"]
[Annotator "NA"]
[PlyCount "78"]
[EventDate "2019.10.15"]
[EventType "swiss"]
[EventCountry "RUS"]
[SourceTitle "playchess.com"]
[Source "ChessBase"]
[SourceQuality "1"]
[TimeControl "900+10"]

1. c4 {[%emt 0:00:00]} Nf6 {[%emt 0:00:00]} 2. Nc3 {[%emt 0:00:00]} e5 {[%emt 0:00:00]} 3. g3 {[%emt 0:00:00]} g6 {[%emt 0:00:23]} 4. Bg2 {[%emt 0:00:00]} Bg7 {[%emt 0:00:01]} 5. Nf3 {[%emt 0:00:00]} d6 {[%emt 0:00:10]} 6. O-O {[%emt 0:00:02]} O-O {[%emt 0:00:01]} 7. b3 {[%emt 0:00:02]} Re8 {[%emt 0:00:05]} 8. Bb2 {[%emt 0:00:02]} c6 {[%emt 0:00:37]} 9. e4 {[%emt 0:02:38]} Na6 {[%emt 0:01:05]} 10. h3 {[%emt 0:00:36]} Nc5 {[%emt 0:00:06]} 11. Qc2 {[%emt 0:00:23]} Nh5 {[%emt 0:01:42]} 12. Rad1 {[%emt 0:03:43]} Ne6 {[%emt 0:00:18]} 13. d3 {[%emt 0:00:32]} a6 {[%emt 0:01:05]} 14. a4 {[%emt 0:00:18]} Qb6 {[%emt 0:00:13]} 15. Ba3 {[%emt 0:02:20]} Nxg3 {[%emt 0:02:16]} 16. c5 {[%emt 0:01:51]} Nxc5 {[%emt 0:00:01]} 17. fxg3 {[%emt 0:00:04]} Nxe4+ {[%emt 0:00:02]} 18. Kh2 {[%emt 0:00:04]} Nxc3 {[%emt 0:00:02]} 19. Qxc3 {[%emt 0:02:27]} e4 {[%emt 0:00:01]} 20. Qc2 {[%emt 0:01:10]} exf3 {[%emt 0:00:03]} 21. Rxf3 {[%emt 0:00:02]} Be6 {[%emt 0:00:03]} 22. d4 {[%emt 0:01:02]} Bd5 {[%emt 0:00:10]} 23. Rfd3 {[%emt 0:00:32]} Bxg2 {[%emt 0:01:14]} 24. Qxg2 {[%emt 0:00:01]} Re6 {[%emt 0:00:02]} 25. Qf3 {[%emt 0:00:49]} Rae8 {[%emt 0:00:13]} 26. R1d2 {[%emt 0:00:03]} d5 {[%emt 0:01:57]} 27. Bc5 {[%emt 0:00:24]} Qc7 {[%emt 0:00:01]} 28. Rf2 {[%emt 0:00:05]} h5 {[%emt 0:01:26]} 29. h4 {[%emt 0:00:02]} Re4 {[%emt 0:00:32]} 30. Kg2 {[%emt 0:00:13]} b6 {[%emt 0:00:26]} 31. Bxb6 {[%emt 0:00:24]} Qxb6 {[%emt 0:00:03]} 32. Qxf7+ {[%emt 0:00:02]} Kh7 {[%emt 0:00:25]} 33. Rf6 {[%emt 0:00:11]} Rg4 {[%emt 0:00:14]} 34. Qxe8 {[%emt 0:00:23]} Bxf6 {[%emt 0:00:06]} 35. Rf3 {[%emt 0:00:08]} Qxd4 {[%emt 0:00:23]} 36. Qxc6 {[%emt 0:00:09]} Bg7 {[%emt 0:00:18]} 37. Qxa6 {[%emt 0:00:10]} Re4 {[%emt 0:00:27]} 38. Rf2 {[%emt 0:00:09]} Re3 {[%emt 0:00:17]} 39. Qb7 {[%emt 0:00:15]} Qe5 {[%emt 0:00:23]} 0-1

[Event "RUS-ch Women Rapid 2019"]
[Site "Sochi"]
[Date "2019.10.16"]
[Round "8.11"]
[White "Utiatskaja, Irina"]
[Black "Bykova, Anastasia"]
[Result "0-1"]
[WhiteElo "2172"]
[BlackElo "2247"]
[Annotator "NA"]
[PlyCount "82"]
[EventDate "2019.10.15"]
[EventType "swiss"]
[EventCountry "RUS"]
[SourceTitle "playchess.com"]
[Source "ChessBase"]
[SourceQuality "1"]
[TimeControl "900+10"]

1. e4 {[%emt 0:00:00]} c6 {[%emt 0:00:00]} 2. Nc3 {[%emt 0:00:00]} d5 {[%emt 0:00:00]} 3. Nf3 {[%emt 0:00:00]} Bg4 {[%emt 0:00:00]} 4. h3 {[%emt 0:00:01]} Bxf3 {[%emt 0:00:00]} 5. Qxf3 {[%emt 0:00:01]} e6 {[%emt 0:00:00]} 6. Be2 {[%emt 0:00:13]} Nf6 {[%emt 0:00:00]} 7. O-O {[%emt 0:00:06]} Nbd7 {[%emt 0:00:10]} 8. d4 {[%emt 0:00:03]} dxe4 {[%emt 0:00:03]} 9. Nxe4 {[%emt 0:00:02]} Nxe4 {[%emt 0:00:02]} 10. Qxe4 {[%emt 0:00:01]} Nf6 {[%emt 0:00:02]} 11. Qd3 {[%emt 0:00:38]} Be7 {[%emt 0:00:05]} 12. c4 {[%emt 0:00:33]} O-O {[%emt 0:00:03]} 13. b3 {[%emt 0:00:04]} a5 {[%emt 0:00:10]} 14. a3 {[%emt 0:00:38]} Qb6 {[%emt 0:00:03]} 15. Bb2 {[%emt 0:00:36]} Rfd8 {[%emt 0:00:03]} 16. Qc2 {[%emt 0:01:48]} Rd7 {[%emt 0:00:02]} 17. Rad1 {[%emt 0:02:03]} Rad8 {[%emt 0:00:21]} 18. Kh1 {[%emt 0:01:04]} Ne8 {[%emt 0:01:23]} 19. f4 {[%emt 0:01:37]} Bf6 {[%emt 0:00:15]} 20. c5 {[%emt 0:00:01]} Qa7 {[%emt 0:00:06]} 21. Qe4 {[%emt 0:00:58]} Nc7 {[%emt 0:00:49]} 22. Bc4 {[%emt 0:01:05]} Nd5 {[%emt 0:01:23]} 23. Bxd5 {[%emt 0:01:14]} Rxd5 {[%emt 0:00:40]} 24. f5 {[%emt 0:00:16]} exf5 {[%emt 0:00:14]} 25. Rxf5 {[%emt 0:00:11]} Rxf5 {[%emt 0:03:29]} 26. Qxf5 {[%emt 0:00:01]} Qb8 {[%emt 0:00:01]} 27. Rf1 {[%emt 0:01:05]} Rd5 {[%emt 0:03:19]} 28. Qg4 {[%emt 0:00:37]} h5 {[%emt 0:00:07]} 29. Qe4 {[%emt 0:00:18]} Qc8 {[%emt 0:01:17]} 30. Bc3 {[%emt 0:00:54]} Qd7 {[%emt 0:00:07]} 31. Bxa5 {[%emt 0:01:07]} Bxd4 {[%emt 0:00:25]} 32. b4 {[%emt 0:00:53]} Be5 {[%emt 0:00:53]} 33. Qf3 {[%emt 0:00:10]} g6 {[%emt 0:00:13]} 34. Bb6 {[%emt 0:01:00]} Rd3 {[%emt 0:00:32]} 35. Qe2 {[%emt 0:00:23]} Qd5 {[%emt 0:01:17]} 36. Kg1 {[%emt 0:00:17]} Rxa3 {[%emt 0:00:40]} 37. Rd1 {[%emt 0:00:01]} Qe6 {[%emt 0:00:15]} 38. Kh1 {[%emt 0:00:26]} Kg7 {[%emt 0:00:31]} 39. Re1 {[%emt 0:00:15]} Rxh3+ {[%emt 0:00:10]} 40. gxh3 {[%emt 0:00:08]} Qxh3+ {[%emt 0:00:01]} 41. Kg1 {[%emt 0:00:06]} Bd4+ {[%emt 0:00:01]} 0-1

[Event "RUS-ch Women Rapid 2019"]
[Site "Sochi"]
[Date "2019.10.16"]
[Round "8.12"]
[White "Shafigullina, Zarina"]
[Black "Samigullina, Diana"]
[Result "1/2-1/2"]
[WhiteElo "2295"]
[BlackElo "2161"]
[Annotator "TA"]
[PlyCount "120"]
[EventDate "2019.10.15"]
[EventType "swiss"]
[EventCountry "RUS"]
[SourceTitle "playchess.com"]
[Source "ChessBase"]
[SourceQuality "1"]

{[%evp 9,120,12,22,19,19,18,13,8,60,50,53,59,111,106,100,70,70,70,70,64,104,43,59,-33,-33,-33,-23,-68,-39,-41,-31,-39,-37,-33,27,24,19,13,61,62,68,45,53,52,58,51,70,49,81,68,68,2,25,25,31,32,28,27,29,4,23,23,67,0,0,0,0,0,2,2,15,8,8,0,16,12,43,45,47,32,66,78,54,0,0,0,0,0,0,0,0,0,0,0,8,8,8,8,8,8,8,8,8,8,8,8,8,8,8,0,0,-8,8]} 1. d4 d5 2. Nf3 Nf6 3. g3 b5 (3... e6 4. Bg2 Be7 5. O-O O-O 6. c4 dxc4 7. Ne5 Nc6 8. Nxc6 bxc6 9. Na3 Bxa3 10. bxa3 Ba6 11. Qd2 Rb8 12. Qa5 Qc8 13. a4 Rd8 14. Rd1 c3 15. Bg5 Bxe2 16. Bxf6 gxf6 17. Re1 Bc4 18. Qh5 Bd5 {0-1 (82) Mamedyarov,S (2764)-Aronian,L (2765) Saint Louis 2019}) 4. Bg2 Bb7 5. Qd3 a6 6. a4 {D02: 1 d4 d5 2 Nf3 sidelines, including 2...Nf6 3 g3 and 2...Nf6 3 Bf4} b4 7. O-O e6 8. Bg5 $146 ({Predecessor:} 8. Nbd2 Nbd7 9. c4 bxc3 10. bxc3 c5 11. Rd1 Rc8 12. Ne5 Nxe5 13. dxe5 Nd7 {0-1 (43) Paul,M (2194)-Vasilevich,T (2368) Germany 2008}) 8... h6 (8... Be7 $11) 9. Bxf6 $1 $14 Qxf6 10. Nbd2 Qf5 (10... Be7 $14) 11. Qxf5 $16 exf5 12. Ne5 Nd7 13. Nxd7 Kxd7 14. c4 c6 15. Bh3 (15. Rac1 $16) 15... g6 $14 16. e4 (16. a5 $14) 16... dxe4 $15 17. Nxe4 Kc7 18. Nd2 Bg7 19. Nb3 Rad8 20. Rad1 Rhe8 21. Rd2 Re7 (21... c5 $15 22. d5 Kd6) 22. Rfd1 $11 Rde8 23. Kf1 Kd6 24. Bg2 h5 25. Na5 Ba8 $1 26. c5+ Kc7 27. Nc4 Rd8 28. Nb6 a5 29. d5 cxd5 30. Bxd5 (30. Nxa8+ $14 Rxa8 31. Rxd5) 30... Bb7 31. Bxb7 Rxd2 32. Rxd2 Kxb7 {[%mdl 4096] Endgame KRB-KRN} 33. Nc4 Kc6 34. Nxa5+ Kxc5 35. b3 f4 36. Kg2 ({White should play} 36. gxf4 $14 Bc3 37. Rd8) 36... fxg3 37. hxg3 Bc3 38. Rd8 Kb6 39. Nc4+ Ka7 40. Rd5 Kb7 41. Kf3 Ka7 42. Ra5+ Kb8 43. Rb5+ Ka7 44. Ne3 f6 45. Nd5 Re5 46. Nxb4 ({White should try} 46. Nf4 $14) 46... Rxb5 {The position is equal.} 47. Nc6+ Kb6 48. axb5 Kxb5 {KB-KN} 49. Ne7 g5 50. Nd5 Bd4 51. Kg2 h4 52. gxh4 gxh4 53. f3 Kc5 54. Ne7 Be3 55. Nf5 Bg5 56. Kh3 Kb4 57. Nd4 Kc3 58. Ne6 Kxb3 59. Kg4 Kc4 60. f4 {[#]} Bxf4 $1 {[%mdl 512] Accuracy: White = 58%, Black = 50%.} 1/2-1/2